000 00302nam a22001337a 4500
008 170831b xxu||||| |||| 00| 0 eng d
020 _a020552110-X
041 _aeng
080 _29TH
_a070
100 _a40
101 _aMED
245 _aTHE MEDIA OF MASS COMMUNICATION
_cVIVIAN,J
942 _2udc
_cBK
999 _c25741
_d25741